000 00933nam a22001817a 4500
005 2012012501341.0
020 _c140.00
_a
035 _aB-233849
037 _b
_adpl
082 _a000
100 _a
_940107
245 1 _aआर.गुप्ता कृत पॉपुलर मास्टर गाइडः स्टेट बैंक क्लर्क्स परीक्षा /
_c
260 _aनई दिल्ली
_bरमेश पब्लिशिंग हाउस
_c2008
270 _a12-एच,न्यू दरियागंज रोड,ट्रैफिक कोतवाली के सामने
_bनई दिल्ली
_e110002
_k23261567
300 _aवि.पृ.
_c25सेमी (अजिल्द)
942 _adpl
_cHN
_k
_2ddc
_h000
_mआरगु
999 _c61459
_d61459